000 01063nam a2200253 i 4500
001 000038539
003 DO-SdBNP
005 20260210105032.0
008 260210s dr ac r 000 0 spa d
040 _aDO-SdBNP
_bspa
_cBNPHU
_erda
041 _aspa
082 _axxxx
_bM516p
_222
100 _aMejía-Ricart Guzmán, Marcio
_eautor
_964878
245 1 0 _aProceso electoral y boleta única /
_cMarcio Mejía-Ricart G
264 _aSanto Domingo :
_bEditora Corripio,
_c1985
300 _a94 páginas ;
_c24 cm.
336 _ardacontent
_btexto
_2txt
337 _ardamedia
_bsin mediación
_2n
338 _ardacarrier
_bvolumen
_2nc
505 _aIntroducción 11|Listado de experiencias según eje temático 19|Listado de experiencias por país 27|Gestión escolar 37|Mejoría de la calidad y equidad de la educación 73|Evaluación de los aprendizajes 165|Financiamiento de la educación 181|Fortalecimiento de la profesión docente 203|Uso de tecnologías educativas de punta 241
590 _aInventariado, 2026/DG
910 _aDG
942 _2ddc
_cLBS1
999 _c60285
_d60285